|
|
|
|
| LEADER |
00000nab a2200000 a 4500 |
| 001 |
vtls009627202 |
| 003 |
SK-MaSNL |
| 005 |
20260303081441.0 |
| 008 |
090713c2009 xo wr per 000 0 slo |
| 038 |
|
|
|a PPPK
|
| 040 |
|
|
|a PPPKCL
|b slo
|c PPPK
|e AACR2
|
| 041 |
0 |
|
|a slo
|
| 044 |
|
|
|a xo
|c SK
|
| 080 |
|
|
|a 352
|2 2001
|
| 080 |
|
|
|a 625.711.4/.7:69
|2 2001
|
| 245 |
0 |
0 |
|a Začala sa rekonštrukcia chodníka
|c [autor] (mar)
|
| 300 |
|
|
|b Fotogr.
|
| 610 |
1 |
7 |
|a Poprad (Slovensko).
|b Mestský úrad.
|b Odbor výstavby
|2 pppkcl
|9 1031778
|
| 650 |
0 |
7 |
|a chodníky
|2 pppkcl
|9 29942
|
| 650 |
0 |
7 |
|a rekonštrukcie
|2 pppkcl
|9 24616
|
| 651 |
|
7 |
|a Partizánska ulica (Poprad, Slovensko)
|2 pppkcl
|9 1084679
|
| 651 |
|
7 |
|a Poprad (Slovensko)
|2 pppkcl
|9 20155
|
| 773 |
0 |
|
|t Poprad : noviny občanov mesta
|g Roč. XX, č. 27 (2009), s. 3
|
| 852 |
|
|
|a PPPK
|b KIS3GCP
|
| 999 |
|
|
|c 1784749
|d 1786679
|